000 00204nam a2200085Ia 4500
008 220204s9999 xx 000 0 und d
100 _aDavis, Maxine
245 0 _aSexual responsibility of women
942 _cBK
999 _c29505
_d29505